The framing of the federal constitution
Saved in:
| 主要作者: | |
|---|---|
| 其他作者: | |
| 格式: | 图书 |
| 出版: |
Washington, D.C.:
National Park Service,
1986.
|
| 主题: | |
| 标签: |
添加标签
没有标签, 成为第一个标记此记录!
|
MARC
| LEADER | 00000nam a2200000 4500 | ||
|---|---|---|---|
| 020 | |a 091262700X |c TZS 22300/= | ||
| 040 | |a MUL |b eng. |e AACR | ||
| 082 | |a 342.73029 MOR | ||
| 100 | |a Morris, Richard B. | ||
| 245 | |a The framing of the federal constitution |c / Richard B. Morris and Leonard Baskin | ||
| 260 | |a Washington, D.C.: |b National Park Service, |c 1986. | ||
| 300 | |a 111p. : |b (most col. ill.), |c 23 cm | ||
| 500 | |a Includes index | ||
| 650 | |a Federal constitution | ||
| 650 | |a Constitutional history |z United states | ||
| 700 | |a Baskin, Leonard |c (Illustrator) | ||
| 942 | |c BK | ||
| 999 | |c 1100 |d 1100 | ||